<?xml version="1.0" encoding="UTF-8"?>
<record
    xmlns:xsi="http://www.w3.org/2001/XMLSchema-instance"
    xsi:schemaLocation="http://www.loc.gov/MARC21/slim http://www.loc.gov/standards/marcxml/schema/MARC21slim.xsd"
    xmlns="http://www.loc.gov/MARC21/slim">

  <leader>00846cam a2200277   4500</leader>
  <controlfield tag="001">28670</controlfield>
  <controlfield tag="005">20220405165319.0</controlfield>
  <datafield tag="021" ind1=" " ind2=" ">
    <subfield code="a">PT</subfield>
    <subfield code="b">17435/87</subfield>
  </datafield>
  <datafield tag="090" ind1=" " ind2=" ">
    <subfield code="a">28670</subfield>
  </datafield>
  <datafield tag="095" ind1=" " ind2=" ">
    <subfield code="a">PTBN00044288</subfield>
  </datafield>
  <datafield tag="100" ind1=" " ind2=" ">
    <subfield code="a">20071022d1976    a  y0pory5003    ba</subfield>
  </datafield>
  <datafield tag="101" ind1="0" ind2=" ">
    <subfield code="a">por</subfield>
  </datafield>
  <datafield tag="102" ind1=" " ind2=" ">
    <subfield code="a">PT</subfield>
  </datafield>
  <datafield tag="930" ind1=" " ind2=" ">
    <subfield code="l">BERE</subfield>
  </datafield>
  <datafield tag="675" ind1=" " ind2=" ">
    <subfield code="a">087.5</subfield>
    <subfield code="v">med</subfield>
    <subfield code="z">por</subfield>
  </datafield>
  <datafield tag="700" ind1=" " ind2="1">
    <subfield code="a">Ribeiro,</subfield>
    <subfield code="b">Aquilino,</subfield>
    <subfield code="f">1885-1963</subfield>
  </datafield>
  <datafield tag="702" ind1=" " ind2="1">
    <subfield code="a">Barata,</subfield>
    <subfield code="b">Martins,</subfield>
    <subfield code="f">1899-1970</subfield>
    <subfield code="4">440</subfield>
  </datafield>
  <datafield tag="702" ind1=" " ind2="1">
    <subfield code="a">Pinto,</subfield>
    <subfield code="b">Fern&#xE3;o Mendes,</subfield>
    <subfield code="f">1514?-1583</subfield>
    <subfield code="4">100</subfield>
  </datafield>
  <datafield tag="998" ind1=" " ind2=" ">
    <subfield code="a">BN014 - 00262</subfield>
  </datafield>
  <datafield tag="200" ind1="1" ind2=" ">
    <subfield code="a">Peregrina&#xE7;&#xE3;o de Fern&#xE3;o Mendes Pinto</subfield>
    <subfield code="e">aventuras extraordin&#xE1;rias de um portugu&#xEA;s no oriente</subfield>
    <subfield code="f">adapt. Aquilino Ribeiro</subfield>
    <subfield code="g">il. Martins Barata</subfield>
  </datafield>
  <datafield tag="205" ind1=" " ind2=" ">
    <subfield code="a">8&#xAA;  ed. </subfield>
  </datafield>
  <datafield tag="210" ind1=" " ind2=" ">
    <subfield code="a">Lisboa</subfield>
    <subfield code="c">S&#xE1; da Costa </subfield>
    <subfield code="d">1976</subfield>
  </datafield>
  <datafield tag="215" ind1=" " ind2=" ">
    <subfield code="a">216  p.</subfield>
    <subfield code="c">il.</subfield>
    <subfield code="d">21 cm</subfield>
  </datafield>
  <datafield tag="225" ind1="2" ind2=" ">
    <subfield code="a">&lt;Os &gt;Grandes Livros da Humanidade </subfield>
  </datafield>
  <datafield tag="801" ind1=" " ind2="0">
    <subfield code="a">PT</subfield>
    <subfield code="b">BN</subfield>
    <subfield code="g">RPC</subfield>
  </datafield>
  <datafield tag="990" ind1=" " ind2=" ">
    <subfield code="c">LIVROS</subfield>
  </datafield>
  <datafield tag="995" ind1=" " ind2=" ">
    <subfield code="0">0</subfield>
    <subfield code="1">0</subfield>
    <subfield code="9">39757</subfield>
    <subfield code="b">BECEVIA</subfield>
    <subfield code="d">BECEVIA</subfield>
    <subfield code="f">1197BV</subfield>
    <subfield code="k">087.5 RIB</subfield>
    <subfield code="o">0</subfield>
    <subfield code="r">LIVROS</subfield>
    <subfield code="a">BECEVIA</subfield>
    <subfield code="c">BECEVIA</subfield>
    <subfield code="q">18</subfield>
  </datafield>
  <datafield tag="995" ind1=" " ind2=" ">
    <subfield code="0">0</subfield>
    <subfield code="1">0</subfield>
    <subfield code="9">39758</subfield>
    <subfield code="b">BECEVIA</subfield>
    <subfield code="d">BECEVIA</subfield>
    <subfield code="f">1198BV</subfield>
    <subfield code="k">087.5 RIB</subfield>
    <subfield code="o">0</subfield>
    <subfield code="r">LIVROS</subfield>
    <subfield code="a">BECEVIA</subfield>
    <subfield code="c">BECEVIA</subfield>
    <subfield code="q">18</subfield>
  </datafield>
</record>
